000 00719nam a2200205Ii 4500
003 JO-AjNU
008 230605s9999||||xx |||||||||||||| ||und||
017 _a1979/2972
040 _aJO-AjNU
_bara
_erda
_cJO-AjNU
041 _aara
050 1 4 _aLC191.A7 1979
100 3 _aسليمان، عرفات عبد العزيز,
_eauthor
_938876
245 0 0 _aديناميكية التربية في المجتمعات:مدخل تحليل مقارن
264 3 1 _aالقاهرة:مكتبة الأنجلو المصرية،1979
300 _a312ص
336 _atext
_btxt
_2rdacontent
337 _aunmediated
_bn
_2rdamedia
338 _avolume
_bnc
_2rdacarrier
650 4 _aالتربية-المجتمع-فلسفة
_938877
999 _aA16371
_c19939
_d19939